| 000 | 00495nam a2200169 a 4500 | ||
|---|---|---|---|
| 005 | 20210219160505.0 | ||
| 008 | 081109s1955 mx r 000 0 spa d | ||
| 035 | _aUPN01000166713 | ||
| 049 | _aUNE | ||
| 080 | _aOC 017: 791.4 (100)=40 CAT No.14. | ||
| 245 | 0 | 0 | _aCatalogues de films de court metrage et de films fixes; liste selective. |
| 260 |
_aParĂs : _bUNESCO, _c1955. |
||
| 300 | _a29 p. | ||
| 690 | _aCatalogos - Cinematografia | ||
| 690 | _aPeliculas- Catalogos | ||
| 905 | _aUNESCO | ||
| 999 |
_c138824 _d138824 |
||